Estimaciones paramétricas y no paramétricas del ingreso de los ocupados del Gran Buenos Aires (Registro nro. 24932)

Detalles MARC
000 -LEADER
fixed length control field 00413 a2200121 4500
001 - CONTROL NUMBER
control field ART_47143
005 - DATE AND TIME OF LATEST TRANSACTION
control field 20260410161850.0
008 - FIXED-LENGTH DATA ELEMENTS--GENERAL INFORMATION
fixed length control field 260409a
100 1# - MAIN ENTRY--PERSONAL NAME
Personal name Botargues, Patricia
245 10 - TITLE STATEMENT
Title Estimaciones paramétricas y no paramétricas del ingreso de los ocupados del Gran Buenos Aires
700 1# - ADDED ENTRY--PERSONAL NAME
Personal name Petrecolla, Diego
773 0# - HOST ITEM ENTRY
Title Económica
Related parts - Año XLV, Nº 1 (ene./jun. 1999)
Record control number REV7541

No hay ítems disponibles.